000 01204nam0a2200325 4500
001 RU\NLR\bibl\1822523
005 20250616161249.0
010 _a978-5-901293-05-8
_91000
021 _aRU
_b2011-72080
_95115
035 _a(NLR Aleph) 001813074
090 _a1899419
_c1899419
100 _a20111018d2011 |||y0rusy50 ca
101 0 _arus
102 _aRU
105 _aa |||||||||
200 1 _aЗапечатленный след
_fСофья Шоломова
210 _aМосква
_cМХК "ОСАННА"
_d2011
215 _a202 с.
_cил.
_e1 электрон. опт. диск (CD-ROM)
_d22
320 _aДр. кн. авт. на 4-й с. обл.
600 1 _aШаховская
_bН.Д.
_f1890 - 1942
_gНаталия Дмитриевна
_92627623
_3RU\NLR\auth\661564183
600 1 _aШик
_bМ.В.
_f1887 - 1937
_gМихаил Владимирович
_92628158
_3RU\NLR\auth\661564718
686 _aЭ372.24-37-028
700 1 _aШоломова
_bС. Б.
_f1940-2010
_gСофья Богдановна
_4070
801 0 _aRU
_bNLR
_c20111018
_gRCR
801 1 _aRU
_bNLR
_c20111018
942 _cBOOK
980 _aNB
980 _aNBR